Géologie et minéralogie appliquées (Record no. 48168)

MARC details
000 -LEADER
campo de control de longitud fija 00724nam a22002055i 4500
001 - NÚMERO DE CONTROL
campo de control 48168
003 - IDENTIFICADOR DE NÚMERO DE CONTROL
campo de control ES-MaACL
005 - FECHA Y HORA DE LA ÚLTIMA TRANSACCIÓN
campo de control 20230906161715.0
007 - CAMPO FIJO DE DESCRIPCIÓN FÍSICA--INFORMACIÓN GENERAL
campo de control de longitud fija t|
008 - DATOS DE LONGITUD FIJA--INFORMACIÓN GENERAL
campo de control de longitud fija 950705s1900 fr ||||1| fre d
040 ## - FUENTE DE CATALOGACIÓN
Centro catalogador/agencia de origen CAM
Lengua de catalogación spa
Centro/agencia transcriptor CAM
100 1# - ENTRADA PRINCIPAL--NOMBRE DE PERSONA
Nombre de persona Charpentier, Henri.
9 (RLIN) 38107
245 10 - MENCIÓN DEL TÍTULO
Título Géologie et minéralogie appliquées
Resto del título : les minéraux utiles & leurs gisements /
Mención de responsabilidad, etc. par Henri Charpentier...
260 ## - PUBLICACIÓN, DISTRIBUCIÓN, ETC.
Lugar de publicación, distribución, etc. Paris :
Nombre del editor, distribuidor, etc. Vve. Ch. Dunod,
Fecha de publicación, distribución, etc. 1900 (
Lugar de fabricación/manufactura Tours :
Fabricante imprimerie Deslis fréres)
300 ## - DESCRIPCIÓN FÍSICA
Extensión XI, [1] en bl., 643 p. ;
Dimensiones 19 cm.
490 1# - MENCIÓN DE SERIE
Mención de serie Bibliothèque du conducteur de travaux publics
830 0# - PUNTO DE ACCESO ADICIONAL DE SERIE-TÍTULO UNIFORME
Título uniforme Bibliothèque du conducteur de travaux publics
9 (RLIN) 180955
852 ## - LOCALIZACIÓN
Ubicación ES-MaACL
Número de control de estantería F-2071
Holdings
Estatus retirado Estado de pérdida Estado de daño No para préstamo Colección Biblioteca de origen Biblioteca actual Ubicación en estantería Fecha de adquisición Fuente de adquisición Total de préstamos Signatura topográfica completa Código de barras Visto por última vez Precio de reemplazo Tipo de ítem Koha
        Libros del s. XIX Biblioteca del Ateneo de Madrid Biblioteca del Ateneo de Madrid Depósito 2 17/01/2008     F-2071 1050694 23/02/2023 23/02/2023 Libro impreso antiguo